[Event "Foxwoods op"]
[Site "Mashantucket USA"]
[Date "2022.04.15"]
[Round "5"]
[White "Guha, Eshan"]
[Black "Song, Michael"]
[Result "1/2-1/2"]
[WhiteElo "1900"]
[BlackElo "2424"]
[PlyCount "100"]
[GameId "2130307576756831"]
[EventDate "2022.04.13"]
[EventType "swiss"]
[EventRounds "9"]
[EventCountry "USA"]
[SourceTitle "10 Days #684"]
[Source "ChessMix"]
[SourceDate "2022.04.20"]
[SourceVersion "1"]
[SourceVersionDate "2022.04.20"]
[SourceQuality "1"]

1. d4 f5 2. Nc3 Nf6 3. Bg5 d5 4. Bxf6 exf6 5. e3 Be6 6. Qf3 Qd7 7. Bb5 Nc6 8. Nge2 a6 9. Ba4 b5 10. Bb3 Rd8 11. Nf4 Ne7 12. Nxe6 Qxe6 13. Ne2 c6 14. h4 g6 15. h5 g5 16. c3 Qe4 17. Ng3 Qxf3 18. gxf3 f4 19. exf4 gxf4 20. Ne2 Bh6 21. Bc2 Bg5 22. Nc1 O-O 23. Nb3 Nc8 24. Nc5 a5 25. a4 b4 26. cxb4 axb4 27. Kd2 Rfe8 28. Na6 Nd6 29. b3 Ne4+ 30. fxe4 dxe4 31. Nxb4 c5 32. Nc6 Rd6 33. d5 Rxd5+ 34. Kc3 Rd6 35. Na5 f5 36. Rhg1 h6 37. Rad1 Rxd1 38. Rxd1 Bh4 39. Rd2 f3 40. Kc4 e3 41. fxe3 Be1 42. Rd5 f4 43. exf4 f2 44. Bd3 Re3 45. Bf1 Bxa5 46. Rxc5 Re1 47. Bd3 Bd2 48. Rc8+ Kg7 49. Rc7+ Kf8 50. Rc6 Re3 1/2-1/2

[Event "Foxwoods op"]
[Site "Mashantucket USA"]
[Date "2022.04.16"]
[Round "6"]
[White "Song, Michael"]
[Black "Rajesh, CS."]
[Result "1/2-1/2"]
[WhiteElo "2424"]
[BlackElo "2183"]
[PlyCount "91"]
[GameId "2130307576756847"]
[EventDate "2022.04.13"]
[EventType "swiss"]
[EventRounds "9"]
[EventCountry "USA"]
[SourceTitle "10 Days #684"]
[Source "ChessMix"]
[SourceDate "2022.04.20"]
[SourceVersion "1"]
[SourceVersionDate "2022.04.20"]
[SourceQuality "1"]

1. d4 Nf6 2. Bg5 d5 3. Nd2 e6 4. e3 Be7 5. Bd3 c5 6. c3 Nc6 7. f4 Qb6 8. Rb1 h6 9. Bh4 Qc7 10. Bg3 Bd6 11. Qf3 cxd4 12. exd4 g6 13. Ne2 Nh5 14. O-O Nxg3 15. Qxg3 Ne7 16. Nf3 Nf5 17. Qf2 Bxf4 18. Nxf4 Qxf4 19. Rbe1 h5 20. Bxf5 gxf5 21. Qe2 Qc7 22. Ne5 Kf8 23. Rf4 Qd8 24. Qb5 Qd6 25. Rh4 Qd8 26. g3 a6 27. Qe2 Qg5 28. Nd3 Bd7 29. Nf4 Rh6 30. Rxh5 Rxh5 31. Qxh5 Qxh5 32. Nxh5 Ba4 33. b3 Bb5 34. Nf4 Rc8 35. Re3 a5 36. h4 a4 37. Kg2 axb3 38. axb3 Ra8 39. g4 fxg4 40. Kg3 Bd7 41. h5 Ra1 42. Nd3 Rh1 43. Kxg4 f6 44. Kg3 Rxh5 45. Nc5 Ke7 46. Nxb7 1/2-1/2

[Event "Foxwoods op"]
[Site "Mashantucket USA"]
[Date "2022.04.17"]
[Round "8"]
[White "Song, Michael"]
[Black "Shabalov, Alexander"]
[Result "0-1"]
[WhiteElo "2424"]
[BlackElo "2502"]
[PlyCount "76"]
[GameId "2130307576760961"]
[EventDate "2022.04.13"]
[EventType "swiss"]
[EventRounds "9"]
[EventCountry "USA"]
[SourceTitle "10 Days #684"]
[Source "ChessMix"]
[SourceDate "2022.04.20"]
[SourceVersion "1"]
[SourceVersionDate "2022.04.20"]
[SourceQuality "1"]

1. e4 g6 2. d4 Bg7 3. Nc3 c6 4. h4 h5 5. Bc4 b5 6. Bb3 a5 7. a3 Ba6 8. Qf3 e6 9. e5 d5 10. exd6 Nh6 11. Bg5 Qb6 12. Ne4 Nd7 13. Bxh6 Bxh6 14. Ne2 a4 15. Ba2 b4 16. O-O b3 17. cxb3 axb3 18. Bb1 Bxe2 19. Qxe2 Qxd4 20. Bd3 O-O 21. Rad1 Qe5 22. g3 Rfd8 23. f4 Qd4+ 24. Kg2 Bg7 25. Rf2 Qb6 26. Bc4 Nf6 27. Nxf6+ Bxf6 28. Rf3 Qc5 29. Rxb3 Rxd6 30. Rxd6 Qxd6 31. Rd3 Qc7 32. b4 Kg7 33. Qe4 Ra7 34. Qe3 Qb8 35. Qc5 Qa8 36. Kh3 Rxa3 37. Rd7 Rc3 38. Rd3 Qa1 0-1

[Event "Cappelle la Grande op"]
[Site "Cappelle la Grande FRA"]
[Date "2022.02.14"]
[Round "3.3"]
[White "Sonis, Francesco"]
[Black "Song, Michael"]
[Result "1/2-1/2"]
[WhiteElo "2542"]
[BlackElo "2404"]
[PlyCount "50"]
[GameId "2130307578602519"]
[EventDate "2022.02.12"]
[EventType "swiss"]
[EventRounds "9"]
[EventCountry "FRA"]
[SourceTitle "10 Days 679"]
[Source "ChessMix"]
[SourceDate "2022.03.01"]
[SourceVersion "1"]
[SourceVersionDate "2022.03.01"]
[SourceQuality "1"]

1. d4 d6 2. Nf3 Bg4 3. Qd3 c6 4. h3 Bh5 5. Qb3 Qc7 6. Nh4 e6 7. g4 Bg6 8. Bg2 Nf6 9. Nd2 Be7 10. f4 Be4 11. Nhf3 Bg6 12. Nh4 Be4 13. Nxe4 Nxe4 14. Nf3 Nd7 15. g5 d5 16. Nd2 Nd6 17. Nf3 Rc8 18. c3 c5 19. O-O cxd4 20. Nxd4 Nc5 21. Qd1 g6 22. Nb3 Nf5 23. Nd4 Nd6 24. Nb3 Nf5 25. Nd4 Nd6 1/2-1/2

[Event "Cappelle la Grande op"]
[Site "Cappelle la Grande FRA"]
[Date "2022.02.14"]
[Round "4.10"]
[White "Song, Michael"]
[Black "Eden, James"]
[Result "1-0"]
[WhiteElo "2404"]
[BlackElo "2286"]
[PlyCount "51"]
[GameId "2130307578602538"]
[EventDate "2022.02.12"]
[EventType "swiss"]
[EventRounds "9"]
[EventCountry "FRA"]
[SourceTitle "10 Days 679"]
[Source "ChessMix"]
[SourceDate "2022.03.01"]
[SourceVersion "1"]
[SourceVersionDate "2022.03.01"]
[SourceQuality "1"]

1. e4 e5 2. f4 d5 3. exd5 exf4 4. Nf3 Nf6 5. Bb5+ Bd7 6. Bxd7+ Qxd7 7. c4 c6 8. O-O cxd5 9. Ne5 Qc7 10. d4 Bd6 11. Nc3 Bxe5 12. dxe5 Ne4 13. cxd5 Qb6+ 14. Kh1 Ng3+ 15. hxg3 Qh6+ 16. Kg1 Qb6+ 17. Be3 Qxe3+ 18. Kh1 fxg3 19. Qh5 O-O 20. e6 g6 21. Qh4 fxe6 22. Rxf8+ Kxf8 23. Qxh7 Qf4 24. dxe6 Nc6 25. Nd5 Qf5 26. Qh8# 1-0

[Event "Cappelle la Grande op"]
[Site "Cappelle la Grande FRA"]
[Date "2022.02.16"]
[Round "6.6"]
[White "Dimitrov, Radoslav"]
[Black "Song, Michael"]
[Result "1/2-1/2"]
[WhiteElo "2487"]
[BlackElo "2404"]
[PlyCount "85"]
[GameId "2130307578602554"]
[EventDate "2022.02.12"]
[EventType "swiss"]
[EventRounds "9"]
[EventCountry "FRA"]
[SourceTitle "10 Days 679"]
[Source "ChessMix"]
[SourceDate "2022.03.01"]
[SourceVersion "1"]
[SourceVersionDate "2022.03.01"]
[SourceQuality "1"]

1. d4 d6 2. Nf3 Bg4 3. e4 Nf6 4. Nc3 e6 5. Be3 c6 6. Be2 d5 7. Nd2 Bxe2 8. Qxe2 Bb4 9. e5 Nfd7 10. Nd1 c5 11. c3 cxd4 12. cxd4 Qa5 13. O-O Qa6 14. Qg4 g6 15. Nc3 Nc6 16. a3 h5 17. Qf3 Bxc3 18. bxc3 Na5 19. c4 Nxc4 20. Nxc4 dxc4 21. Rab1 Nb6 22. Rxb6 Qxb6 23. d5 Qd8 24. d6 Rc8 25. Qxb7 c3 26. Bg5 Qd7 27. Qf3 f5 28. h3 c2 29. Qb3 Kf7 30. Rc1 Qc6 31. Bf6 Rhg8 32. Bg5 Rb8 33. Rxc2 Rxb3 34. Rxc6 Rb7 35. Kh2 Ke8 36. Rc8+ Kf7 37. Rc6 Ke8 38. Rc8+ Kf7 39. Rc5 Ke8 40. Rc8+ Kf7 41. Rc1 Ke8 42. Rc6 Kd7 43. Rc1 1/2-1/2

[Event "Cappelle la Grande op"]
[Site "Cappelle la Grande FRA"]
[Date "2022.02.17"]
[Round "8.2"]
[White "Fedorchuk, Sergey A"]
[Black "Song, Michael"]
[Result "1-0"]
[WhiteElo "2605"]
[BlackElo "2404"]
[PlyCount "67"]
[GameId "2130307578602571"]
[EventDate "2022.02.12"]
[EventType "swiss"]
[EventRounds "9"]
[EventCountry "FRA"]
[SourceTitle "10 Days 679"]
[Source "ChessMix"]
[SourceDate "2022.03.01"]
[SourceVersion "1"]
[SourceVersionDate "2022.03.01"]
[SourceQuality "1"]

1. e4 e5 2. Nf3 Nc6 3. Bc4 Bc5 4. c3 Nf6 5. d3 O-O 6. O-O d6 7. Re1 Ng4 8. Re2 Na5 9. Bb5 d5 10. Nbd2 a6 11. Ba4 b5 12. Bc2 Nc6 13. exd5 Qxd5 14. Ne4 Be7 15. Ng3 Nf6 16. h3 h6 17. Qe1 Bb7 18. d4 exd4 19. Rxe7 Nxe7 20. Qxe7 Rfe8 21. Qxc7 Rac8 22. Qf4 dxc3 23. bxc3 Rc4 24. Qd2 Qc6 25. Bd3 Rxc3 26. Bb2 Rc5 27. Qf4 Rd5 28. Bf1 Qd6 29. Qh4 Re6 30. Bxf6 gxf6 31. Qxh6 f5 32. Qc1 Rg6 33. Nh4 f4 34. Ne4 1-0

[Event "Titled Tuesday 2022.02.01 B"]
[Site "chess.com INT"]
[Date "2022.02.02"]
[Round "1"]
[White "Araujo Filho, Luiz Antonio Coel"]
[Black "Song, Michael"]
[Result "1-0"]
[WhiteElo "2089"]
[BlackElo "2410"]
[PlyCount "125"]
[GameId "2130307578976641"]
[EventDate "2022.02.02"]
[EventType "swiss (blitz)"]
[EventRounds "9"]
[EventCountry "NET"]
[SourceTitle "The Week in Chess 1422"]
[Source "Mark Crowther"]
[SourceDate "2022.02.07"]
[SourceVersion "2"]
[SourceVersionDate "2022.02.08"]
[SourceQuality "2"]

1. d4 Nf6 2. Nf3 g6 3. c4 Bg7 4. Nc3 d6 5. e4 O-O 6. Be2 e5 7. dxe5 dxe5 8. O-O Qxd1 9. Rxd1 c6 10. h3 Re8 11. Be3 Na6 12. a3 Nh5 13. Bf1 Nf4 14. Rd2 Ne6 15. Rad1 Nac5 16. b4 Nb3 17. Rb2 Nbd4 18. Nd2 f5 19. f3 Bf6 20. c5 Kg7 21. Bc4 Bg5 22. Bxg5 Nxg5 23. h4 Nge6 24. exf5 gxf5 25. Re1 Kf6 26. Bf1 b5 27. cxb6 axb6 28. Nc4 Nf4 29. a4 b5 30. axb5 cxb5 31. Nb6 Rb8 32. Nbd5+ Nxd5 33. Nxd5+ Kf7 34. Rd2 Nc6 35. Nc7 Re7 36. Nxb5 Nxb4 37. Nd6+ Kf6 38. Rb2 Be6 39. Reb1 Rd7 40. Nxf5 Kxf5 41. Rxb4 Rxb4 42. Rxb4 Rd1 43. Kf2 Bd5 44. Be2 Rd2 45. Ke3 Ra2 46. g4+ Ke6 47. Rb6+ Ke7 48. Rh6 Ra3+ 49. Kf2 Bg8 50. Rb6 Kf7 51. g5 Kg7 52. h5 Bd5 53. Rb5 Bf7 54. Rxe5 Bxh5 55. Re6 Bf7 56. Rb6 Ra2 57. Ke3 Ra3+ 58. Kf4 Ra4+ 59. Kg3 Ra3 60. Kg4 Ra4+ 61. f4 Re4 62. Bd3 Rc4 63. Bxc4 1-0

[Event "Titled Tuesday 2022.02.01 B"]
[Site "chess.com INT"]
[Date "2022.02.02"]
[Round "3"]
[White "Florianovitz, Derlei Alex"]
[Black "Song, Michael"]
[Result "1/2-1/2"]
[WhiteElo "2040"]
[BlackElo "2410"]
[PlyCount "91"]
[GameId "2130307578980844"]
[EventDate "2022.02.02"]
[EventType "swiss (blitz)"]
[EventRounds "9"]
[EventCountry "NET"]
[SourceTitle "The Week in Chess 1422"]
[Source "Mark Crowther"]
[SourceDate "2022.02.07"]
[SourceVersion "2"]
[SourceVersionDate "2022.02.08"]
[SourceQuality "2"]

1. e4 e6 2. d4 d5 3. e5 c5 4. c3 Qb6 5. Nf3 Bd7 6. a3 Bb5 7. Bxb5+ Qxb5 8. b4 c4 9. O-O Qd7 10. a4 Nc6 11. Ne1 h5 12. f4 Nce7 13. Nf3 Nf5 14. Nbd2 Be7 15. Re1 Ngh6 16. Nf1 g6 17. h3 h4 18. Ne3 Nxe3 19. Bxe3 Nf5 20. Bf2 O-O-O 21. b5 Rdg8 22. Re2 g5 23. fxg5 Bxg5 24. Nxg5 Rxg5 25. Be3 Rg3 26. Bd2 Rhg8 27. Kh2 Qd8 28. a5 R8g6 29. b6 a6 30. Qa4 Qg8 31. Rg1 Rd3 32. Be1 Ng3 33. Bxg3 Rgxg3 34. Qb4 Rxc3 35. Qc5+ Kb8 36. Qc7+ Ka8 37. Rf2 Rg7 38. Qd6 Rcg3 39. Qc5 Qd8 40. Rgf1 Qg8 41. Rg1 c3 42. Rc2 R7g6 43. Qc7 Rg7 44. Qc5 R3g6 45. Qc7 Rg3 46. Qc5 1/2-1/2

[Event "Titled Tuesday 2022.01.25"]
[Site "chess.com INT"]
[Date "2022.01.25"]
[Round "1"]
[White "Buker, Muhittin"]
[Black "Song, Michael"]
[Result "0-1"]
[WhiteElo "1967"]
[BlackElo "2410"]
[PlyCount "108"]
[GameId "2130307579177420"]
[EventDate "2022.01.25"]
[EventType "swiss (blitz)"]
[EventRounds "11"]
[EventCountry "NET"]
[SourceTitle "The Week in Chess 1421"]
[Source "Mark Crowther"]
[SourceDate "2022.01.31"]
[SourceVersion "2"]
[SourceVersionDate "2022.02.01"]
[SourceQuality "2"]

1. d4 Nf6 2. c4 e6 3. Nf3 d5 4. Nc3 Be7 5. Bg5 O-O 6. e3 Nbd7 7. cxd5 exd5 8. Bd3 c6 9. Qc2 Re8 10. O-O Nf8 11. Bxf6 Bxf6 12. b4 Bg4 13. Nd2 a6 14. a4 Rc8 15. Rfc1 g6 16. Qb3 b5 17. Qc2 Bd7 18. Nb3 Ne6 19. axb5 axb5 20. Nc5 Nxc5 21. bxc5 Kg7 22. Na2 h5 23. Nb4 Qc7 24. Ra6 Ra8 25. Rca1 Qb7 26. R1a3 Rxa6 27. Rxa6 Ra8 28. Qa2 Rxa6 29. Qxa6 Qxa6 30. Nxa6 Bd8 31. Kf1 f5 32. Ke2 Bc8 33. Nb8 Bb7 34. Nd7 Bc7 35. f4 Kf7 36. Ne5+ Kf6 37. Kd1 Ba5 38. Be2 Bc3 39. Kc2 Be1 40. Bf3 h4 41. h3 g5 42. Nd7+ Ke7 43. Ne5 gxf4 44. exf4 Bf2 45. Kd3 Kf6 46. Nd7+ Ke6 47. Ne5 b4 48. Bd1 Ba6+ 49. Kd2 Bb5 50. Be2 Bxe2 51. Kxe2 Bxd4 52. Nxc6 Bxc5 53. Kd3 Kd6 54. Ne5 Bf2 0-1

[Event "Titled Tuesday 2022.01.25"]
[Site "chess.com INT"]
[Date "2022.01.25"]
[Round "5"]
[White "Kucuksari, Kaan"]
[Black "Song, Michael"]
[Result "0-1"]
[WhiteElo "2362"]
[BlackElo "2410"]
[PlyCount "52"]
[GameId "2130307579194161"]
[EventDate "2022.01.25"]
[EventType "swiss (blitz)"]
[EventRounds "11"]
[EventCountry "NET"]
[SourceTitle "The Week in Chess 1421"]
[Source "Mark Crowther"]
[SourceDate "2022.01.31"]
[SourceVersion "2"]
[SourceVersionDate "2022.02.01"]
[SourceQuality "2"]

1. d4 Nf6 2. c4 e6 3. g3 d5 4. Nf3 Be7 5. Bg2 O-O 6. O-O c6 7. Qc2 b6 8. Bf4 Bb7 9. Rd1 Nbd7 10. Ne5 Rc8 11. Nc3 c5 12. cxd5 exd5 13. Rac1 cxd4 14. Rxd4 Bc5 15. Rdd1 Nxe5 16. Bxe5 Bxf2+ 17. Kh1 Be3 18. Ra1 Ng4 19. Rf1 Nxe5 20. Rad1 Qe7 21. Bxd5 Rfd8 22. Qb3 Rxc3 23. bxc3 Rxd5 24. Rxd5 Qe6 25. Rfd1 Ng4 26. Qa4 Qxd5+ 0-1

[Event "Titled Tuesday 2022.01.18"]
[Site "chess.com INT"]
[Date "2022.01.18"]
[Round "2"]
[White "Rakshitta, Ravi"]
[Black "Song, Michael"]
[Result "0-1"]
[WhiteElo "2269"]
[BlackElo "2410"]
[PlyCount "58"]
[GameId "2130307579353196"]
[EventDate "2022.01.18"]
[EventType "swiss (blitz)"]
[EventRounds "11"]
[EventCountry "NET"]
[SourceTitle "The Week in Chess 1420"]
[Source "Mark Crowther"]
[SourceDate "2022.01.24"]
[SourceVersion "1"]
[SourceVersionDate "2022.01.24"]
[SourceQuality "2"]

1. e4 c5 2. Nf3 e6 3. d4 cxd4 4. Nxd4 Nc6 5. Nc3 Qc7 6. Be3 a6 7. Be2 Nf6 8. Qd2 b5 9. Nxc6 dxc6 10. a3 Bb7 11. O-O Rd8 12. Qe1 c5 13. Bf3 Bd6 14. Bg5 Be5 15. Qe2 Bxh2+ 16. Kh1 Be5 17. g3 h6 18. Be3 h5 19. Bg2 h4 20. f4 hxg3+ 21. Kg1 Bxc3 22. bxc3 Nxe4 23. f5 Nxc3 24. Qg4 Bxg2 25. Kxg2 Rh2+ 26. Kg1 Ne2+ 27. Qxe2 Rxe2 28. fxe6 Rxe3 29. exf7+ Kf8 0-1

[Event "Titled Tuesday 2022.01.18"]
[Site "chess.com INT"]
[Date "2022.01.18"]
[Round "5"]
[White "Fernandez, Michael"]
[Black "Song, Michael"]
[Result "1-0"]
[WhiteElo "2170"]
[BlackElo "2410"]
[PlyCount "123"]
[GameId "2130307579361582"]
[EventDate "2022.01.18"]
[EventType "swiss (blitz)"]
[EventRounds "11"]
[EventCountry "NET"]
[SourceTitle "The Week in Chess 1420"]
[Source "Mark Crowther"]
[SourceDate "2022.01.24"]
[SourceVersion "1"]
[SourceVersionDate "2022.01.24"]
[SourceQuality "2"]

1. c4 c5 2. g3 Nc6 3. Nc3 g6 4. Bg2 Bg7 5. Nf3 e5 6. a3 a5 7. d3 Nge7 8. Nd5 Nxd5 9. cxd5 Ne7 10. Nd2 d6 11. O-O O-O 12. Nc4 b5 13. Nd2 a4 14. Qc2 Bb7 15. e4 f5 16. Nf3 h6 17. Nh4 g5 18. Nxf5 Nxf5 19. exf5 Rxf5 20. d4 Qf8 21. dxc5 dxc5 22. Be3 c4 23. Rad1 Rd8 24. Be4 Rf7 25. Qe2 Rfd7 26. Bb6 Bxd5 27. Bxd5+ Rxd5 28. Bxd8 Qxd8 29. Rxd5 Qxd5 30. Rd1 Qc6 31. f3 e4 32. fxe4 Be5 33. Rd5 Bc7 34. Qf3 Kg7 35. Qf5 Bd6 36. Rxb5 c3 37. bxc3 Bxa3 38. Qd5 Qxd5 39. exd5 Kf6 40. Ra5 Bb2 41. Rxa4 Bxc3 42. Ra6+ Ke5 43. Rxh6 Kxd5 44. Rh5 Bd2 45. h4 Ke5 46. hxg5 Kf5 47. Kg2 Kg4 48. Rh4+ Kxg5 49. Kf3 Bc1 50. Rc4 Bd2 51. Rc5+ Kg6 52. Kg4 Be3 53. Rc6+ Kf7 54. Kf5 Bd4 55. g4 Kg7 56. g5 Kf7 57. Rc7+ Kg8 58. Kg6 Kf8 59. Rf7+ Kg8 60. Rd7 Bb6 61. Rd6 Bc7 62. Rc6 1-0

[Event "North American op"]
[Site "Las Vegas USA"]
[Date "2021.12.29"]
[Round "7"]
[White "Song, Michael"]
[Black "Chakraborty, Dipro"]
[Result "1-0"]
[WhiteElo "2410"]
[BlackElo "2170"]
[PlyCount "81"]
[GameId "2130307579933990"]
[EventDate "2021.12.26"]
[EventType "swiss"]
[EventRounds "9"]
[EventCountry "USA"]
[SourceTitle "10 Days #674"]
[Source "ChessMix"]
[SourceDate "2022.01.10"]
[SourceVersion "1"]
[SourceVersionDate "2022.01.10"]
[SourceQuality "1"]

1. Nf3 Nf6 2. b3 g6 3. Bb2 Bg7 4. c4 O-O 5. e3 d6 6. Be2 e5 7. d4 e4 8. Nfd2 Re8 9. Nc3 h5 10. h3 h4 11. a3 c5 12. d5 Bf5 13. Nf1 g5 14. Qd2 Bg6 15. f4 exf3 16. gxf3 Nbd7 17. Rg1 Ne5 18. Rxg5 Bh6 19. Rg1 Qd7 20. O-O-O Qxh3 21. f4 Nf3 22. Rxg6+ fxg6 23. Qc2 Kh7 24. Bd3 Qg4 25. Kb1 a6 26. Qf2 Ng1 27. Nh2 Qg3 28. Qxg1 Rxe3 29. Ne2 Qxg1 30. Nxg1 Ne4 31. Nf1 Nf2 32. Nxe3 Bxf4 33. Ng2 Nxd1 34. Nxf4 Nxb2 35. Bxg6+ Kh6 36. Kxb2 Rf8 37. Ngh3 Rxf4 38. Nxf4 Kg5 39. Ng2 h3 40. Be4 h2 41. Ne1 1-0

[Event "Titled Tuesday 2021.08.24"]
[Site "chess.com INT"]
[Date "2021.08.24"]
[Round "1"]
[White "Song, Michael"]
[Black "Muradov, Soltan"]
[Result "1-0"]
[WhiteElo "2421"]
[BlackElo "2233"]
[PlyCount "97"]
[GameId "2130307584230897"]
[EventDate "2021.08.24"]
[EventType "swiss (blitz)"]
[EventRounds "11"]
[EventCountry "NET"]
[SourceTitle "The Week in Chess 1399"]
[Source "Mark Crowther"]
[SourceDate "2021.08.30"]
[SourceVersion "1"]
[SourceVersionDate "2021.08.30"]
[SourceQuality "2"]

1. d4 Nf6 2. c4 e6 3. Nc3 Bb4 4. e3 Ne4 5. Nge2 Nxc3 6. Nxc3 d5 7. cxd5 exd5 8. Qb3 Bxc3+ 9. Qxc3 O-O 10. Bd3 Qg5 11. Kf1 Qe7 12. Bd2 c6 13. Qb4 Qf6 14. Rc1 Nd7 15. f3 b6 16. Qc3 Bb7 17. Qc2 h6 18. Kf2 c5 19. Bc3 c4 20. Bf5 Qd6 21. g3 b5 22. Qd2 Rfe8 23. Rhe1 Nf6 24. Bb4 Qc7 25. Ba5 Qd6 26. Qb4 Qa6 27. Ra1 Bc8 28. Bc2 Bh3 29. Bc7 Qb7 30. Ba5 Nd7 31. a4 a6 32. Ra2 Nb8 33. Qd6 Nc6 34. axb5 axb5 35. Rea1 b4 36. Ba4 Nxa5 37. Bxe8 Rxe8 38. Rxa5 Be6 39. Ra7 Qb5 40. Qc5 Qb8 41. Qc7 Qb5 42. Ra8 Rxa8 43. Rxa8+ Kh7 44. Ra5 Qe8 45. Qb7 b3 46. Ra8 Bc8 47. Qxc8 Qb5 48. Qf5+ g6 49. Qxf7# 1-0

[Event "Titled Tuesday 2021.08.10"]
[Site "chess.com INT"]
[Date "2021.08.10"]
[Round "1"]
[White "Song, Michael"]
[Black "Mogirzan, Matei-Valeriu"]
[Result "1-0"]
[WhiteElo "2421"]
[BlackElo "1813"]
[PlyCount "63"]
[GameId "2130307584802013"]
[EventDate "2021.08.10"]
[EventType "swiss (blitz)"]
[EventRounds "11"]
[EventCountry "NET"]
[SourceTitle "The Week in Chess 1397"]
[Source "Mark Crowther"]
[SourceDate "2021.08.16"]
[SourceVersion "2"]
[SourceVersionDate "2021.08.17"]
[SourceQuality "2"]

1. d4 Nf6 2. Bg5 Ne4 3. Bf4 d5 4. Nd2 e6 5. Nxe4 dxe4 6. e3 c5 7. c3 cxd4 8. exd4 Nc6 9. Bb5 Qa5 10. Qa4 Qxa4 11. Bxa4 Bd7 12. Ne2 a6 13. Rd1 b5 14. Bc2 f5 15. f3 exf3 16. gxf3 Rc8 17. Bb1 Ne7 18. Kf2 Nd5 19. Be5 Be7 20. Nf4 Bh4+ 21. Kg2 Ne3+ 22. Kh3 Nxd1 23. Rxd1 Bf6 24. Bd6 Rc6 25. Bb4 e5 26. dxe5 Bxe5 27. Re1 Kf7 28. Rxe5 g5 29. Re7+ Kf6 30. Nd5+ Kg6 31. Rxd7 h5 32. Ne7+ 1-0

[Event "Titled Tuesday 2021.08.10"]
[Site "chess.com INT"]
[Date "2021.08.10"]
[Round "2"]
[White "Song, Michael"]
[Black "Siva, Mahadevan"]
[Result "1-0"]
[WhiteElo "2421"]
[BlackElo "2349"]
[PlyCount "51"]
[GameId "2130307584806166"]
[EventDate "2021.08.10"]
[EventType "swiss (blitz)"]
[EventRounds "11"]
[EventCountry "NET"]
[SourceTitle "The Week in Chess 1397"]
[Source "Mark Crowther"]
[SourceDate "2021.08.16"]
[SourceVersion "2"]
[SourceVersionDate "2021.08.17"]
[SourceQuality "2"]

1. d4 Nf6 2. Bg5 Ne4 3. Bf4 c5 4. d5 Qb6 5. Nc3 Qxb2 6. Nxe4 Qb4+ 7. c3 Qxe4 8. e3 d6 9. Nf3 Bf5 10. Rc1 e6 11. Nd2 Qxd5 12. e4 Bxe4 13. Qa4+ Nc6 14. Nxe4 f5 15. Nxd6+ Bxd6 16. Rd1 Bxf4 17. Rxd5 exd5 18. Qxf4 O-O 19. Bb5 Rae8+ 20. Kd2 Re4 21. Qd6 Rd8 22. Qxc5 d4 23. Bxc6 dxc3+ 24. Kxc3 bxc6 25. Rb1 Red4 26. Qxd4 1-0

[Event "Titled Tuesday 2021.08.10"]
[Site "chess.com INT"]
[Date "2021.08.10"]
[Round "4"]
[White "Ivanov, Ol UKR"]
[Black "Song, Michael"]
[Result "1/2-1/2"]
[WhiteElo "2458"]
[BlackElo "2421"]
[PlyCount "147"]
[GameId "2130307584810395"]
[EventDate "2021.08.10"]
[EventType "swiss (blitz)"]
[EventRounds "11"]
[EventCountry "NET"]
[SourceTitle "The Week in Chess 1397"]
[Source "Mark Crowther"]
[SourceDate "2021.08.16"]
[SourceVersion "2"]
[SourceVersionDate "2021.08.17"]
[SourceQuality "2"]

1. Nf3 Nf6 2. d4 d5 3. c4 c6 4. cxd5 cxd5 5. Nc3 Nc6 6. Bf4 Bf5 7. e3 e6 8. Bb5 Rc8 9. Ne5 Nd7 10. Nxc6 bxc6 11. Ba6 Ra8 12. Bb7 Rb8 13. Bxc6 Rxb2 14. Qa4 Bb4 15. Rc1 O-O 16. O-O Nb6 17. Qxa7 Nc4 18. e4 dxe4 19. Bxe4 Bxc3 20. Bxf5 Bxd4 21. Qa4 Nb6 22. Qc6 exf5 23. Bc7 Qf6 24. Qf3 Na4 25. Qa3 Ra8 26. Bg3 Qa6 27. Rfe1 g6 28. Qe7 Rb7 29. Qa3 Nc5 30. Qf3 Ne4 31. Rcd1 Qa4 32. Qd3 Rd7 33. Qf3 Rad8 34. Rb1 Qxa2 35. Kh1 Qd5 36. h3 Bxf2 37. Bxf2 Nxf2+ 38. Qxf2 Qd4 39. Qf1 Kg7 40. Qg1 Qf6 41. Rf1 Re7 42. Rbe1 Rde8 43. Rxe7 Rxe7 44. Qf2 h5 45. Re1 Rxe1+ 46. Qxe1 h4 47. Qf1 Qe5 48. Qd1 g5 49. Qf1 Kg6 50. Qd1 Qe4 51. Qd6+ Qe6 52. Qd2 g4 53. hxg4 fxg4 54. Qd3+ Qf5 55. Qd6+ f6 56. Qf8 Qf1+ 57. Kh2 Qf4+ 58. Kg1 Qe3+ 59. Kf1 h3 60. Qg8+ Kf5 61. Qc8+ Kf4 62. Qc7+ Kg5 63. Qg7+ Kf5 64. Qh7+ Kf4 65. Qh6+ Ke4 66. Qg6+ f5 67. Qe6+ Kd4 68. Qb6+ Kd3 69. Qb3+ Kd2 70. Qb2+ Kd3 71. Qb3+ Ke4 72. Qe6+ Kd4 73. Qb6+ Kd3 74. Qb3+ 1/2-1/2

[Event "Titled Tuesday 2021.08.10"]
[Site "chess.com INT"]
[Date "2021.08.10"]
[Round "8"]
[White "Song, Michael"]
[Black "Kaasen, Tor Fredrik"]
[Result "0-1"]
[WhiteElo "2421"]
[BlackElo "2406"]
[PlyCount "70"]
[GameId "2130307584818843"]
[EventDate "2021.08.10"]
[EventType "swiss (blitz)"]
[EventRounds "11"]
[EventCountry "NET"]
[SourceTitle "The Week in Chess 1397"]
[Source "Mark Crowther"]
[SourceDate "2021.08.16"]
[SourceVersion "2"]
[SourceVersionDate "2021.08.17"]
[SourceQuality "2"]

1. d4 Nf6 2. Bg5 d5 3. Nd2 c5 4. Bxf6 gxf6 5. dxc5 Nc6 6. e4 dxe4 7. Nxe4 Qxd1+ 8. Rxd1 f5 9. Nc3 Bg7 10. Nd5 O-O 11. c3 Be6 12. Nc7 Rac8 13. Nxe6 fxe6 14. Bc4 Kf7 15. Nf3 Ne5 16. Nxe5+ Bxe5 17. O-O Rxc5 18. Bb3 Kf6 19. Rfe1 Rc6 20. Rd7 Rb8 21. g3 f4 22. Kg2 a5 23. Kf3 fxg3 24. hxg3 b5 25. Kg4 a4 26. Bc2 a3 27. f4 Bc7 28. bxa3 Rxc3 29. Bb3 Rg8+ 30. Kh4 Rgxg3 31. Rxe6+ Kf5 32. Rd5+ Kxf4 33. Rd4+ Kf5 34. Rd5+ Kxe6 35. Rg5+ Kf6 0-1